Historiavisat: 1920-luku - Statistics

Yleistilastot
  • Tätä visaa on pelattu 127 kertaa
  • Keskiarvotulos 15 / 20
Vastaustilastot
% Oikein
1925 _____ ilmoitti ottavansa diktaattorin oikeudet Italiassa Benito Mussolini
95%
1928 Walt Disneyn hahmo _____ esiintyi ensimmäistä kertaa äänipiirroselokuvassa Höyrylaiva Ville Mikki Hiiri
93%
1924 Neuvostoliiton ensimmäinen johtaja _____ kuoli Vladimir Lenin
90%
1927 Maailman väkiluku ylitti _____ miljardin rajan kahden
88%
1927 Charles Lindbergh ylitti _____ lentokoneella ilman välilaskuja Atlantin
85%
1921 Kansainliitto päätti, että _____ alue kuuluu Suomelle Ahvenanmaan
84%
1923 Kemal Atatürkista tuli _____ ensimmäinen presidentti Turkin
84%
1929 Kommunistien muilutuksia harrastanut _____ perustettiin Lapuan liike
80%
_____ voitti yhteensä 9 kultamitalia ja 3 hopeaa olympialaisissa 1920-1928 Paavo Nurmi
79%
_____-musiikista tuli suosittua Yhdysvalloissa jazz
77%
1926 _____ aloitti radiotoiminnan Suomessa Yleisradio
76%
1922 Intian itsenäisyysliikkeen johtaja _____ tuomittiin vankilaan Mahatma Gandhi
72%
1920 Suomi sai Tarton rauhansopimuksessa itselleen _____ alueen Petsamon
67%
Afrikan kolme itsenäistä maata olivat _____, _____ sekä _____ Etelä-Afrikan unioni
63%
Afrikan kolme itsenäistä maata olivat _____, _____ sekä _____ Etiopia
62%
1929 Nousukausi päättyi maailmanlaajuiseen talouskriisiin _____ pörssin romahdettua Yhdysvalloissa New Yorkin
62%
1922 Suomeen perustettiin ensimmäinen täysin suomenkielinen yliopisto _____ Turkuun
62%
1921 _____ sai fysiikan Nobel-palkinnon (keksi valosähköistä ilmiötä koskevan lain) Albert Einstein
57%
1923 _____ Oy (nyk. Finnair) perustettiin Aero
53%
Afrikan kolme itsenäistä maata olivat _____, _____ sekä _____ Liberia
51%
Ehtoja vastaavia visoja ei löytynyt
Tulosjakauma
Jokaisen tuloksen saaneiden osuus
Persentiili vastausten määrän mukaan
Tuloshistoriasi
Et ole pelannut tätä visaa